Billy Joel Songs with Names in the Title - Statistics

General Stats
  • This quiz has been taken 67 times
    66 since last reset
  • The average score is 6 of 13
Answer Stats
Answer % Correct
Movin' Out ({Anthony's} Song)
95%
Captain {Jack}
91%
The Ballad of {Billy} The Kid
91%
The Downeaster {Alexa}
88%
All For {Leyna}
68%
{Rosalinda's} Eyes
60%
Why {Judy} Why?
46%
James
30%
Laura
30%
Christie Lee
18%
{Elvis Presley} Boulevard
12%
Roberta
12%
The {Siegfried} Line
2%
No matching quizzes found
Score Distribution
Percent of People with Each Score
Percentile by Number Answered
Your Score History
You have not taken this quiz since the last reset